Nandi resistance to British rule : (Record no. 13923)

MARC details
000 -LEADER
fixed length control field 00612nam a22002052 4500
001 - CONTROL NUMBER
control field 0000024298
005 - DATE AND TIME OF LATEST TRANSACTION
control field 20151217155915.0
008 - FIXED-LENGTH DATA ELEMENTS--GENERAL INFORMATION
fixed length control field 130626s xx 000 0 eng d
020 ## - INTERNATIONAL STANDARD BOOK NUMBER
International Standard Book Number 9966940189 :
040 ## - CATALOGING SOURCE
Original cataloging agency KABU
Transcribing agency KABU
100 1# - MAIN ENTRY--PERSONAL NAME
Personal name Matson, A. T.
-- 0000184290
245 10 - TITLE STATEMENT
Title Nandi resistance to British rule :
Remainder of title the volcano erupts /
Statement of responsibility, etc. A. T. Matson.
250 ## - EDITION STATEMENT
Edition statement 1st ed.
260 ## - PUBLICATION, DISTRIBUTION, ETC. (IMPRINT)
Place of publication, distribution, etc. Nairobi :
Name of publisher, distributor, etc. Transafrica,
Date of publication, distribution, etc. 2009.
300 ## - PHYSICAL DESCRIPTION
Extent xxiv, 200 p.
651 #0 - SUBJECT ADDED ENTRY--GEOGRAPHIC NAME
Geographic name Kenya
General subdivision History.
-- 0000148727
852 1# - LOCATION
-- p1000 KES
908 ## - PUT COMMAND PARAMETER (RLIN)
Put command parameter 130626
950 ## - LOCAL HOLDINGS (RLIN)
-- 1
Holdings
Withdrawn status Lost status Source of classification or shelving scheme Not for loan Home library Current library Date acquired Total Checkouts Full call number Barcode Date last seen Date last checked out Price effective from Koha item type
    Library of Congress Classification   Kabarak, Main Campus Kabarak, Main Campus 17/12/2015 1 DT433.57 .M38 2009 c. 1 015267 26/10/2016 23/06/2016 17/12/2015 Africana Collection
Designed with assistance from East African Informatics Ltd